Online
Catalog

Quince siglos de cristianismo : (Record no. 49633)

MARC details
000 -CABECERA
campo de control de longitud fija 01371nam a22003377a 4500
003 - IDENTIFICADOR DEL NÚMERO DE CONTROL
campo de control DO-SdBNP
005 - FECHA Y HORA DE LA ÚLTIMA TRANSACCIÓN
campo de control 20251120073733.0
007 - CAMPO FIJO DE DESCRIPCIÓN FÍSICA--INFORMACIÓN GENERAL
campo de control de longitud fija ta
008 - DATOS DE LONGITUD FIJA--INFORMACIÓN GENERAL
campo de control de longitud fija 210322b 2020 dr a 00| 0 eng d
020 ## - NÚMERO INTERNACIONAL ESTÁNDAR DEL LIBRO
Número Internacional Estándar del Libro 9789945603736
040 ## - FUENTE DE LA CATALOGACIÓN
Centro catalogador/agencia de origen DO-SdBNP
Lengua de catalogación spa
Centro/agencia transcriptor BNPHU
082 #4 - NÚMERO DE LA CLASIFICACIÓN DECIMAL DEWEY
Número de clasificación 230
Número de documento/Ítem M475c
Número de edición 22
100 1# - ENTRADA PRINCIPAL--NOMBRE DE PERSONA
Nombre de persona Maza Miquel, Manuel Pablo,
Fechas asociadas al nombre 1945-
9 (RLIN) 10881
245 10 - MENCIÓN DE TÍTULO
Título Quince siglos de cristianismo :
Resto del título desde Jesús de Nazaret a la caída de Constantinopla (1453) /
Mención de responsabilidad, etc. Manuel Pablo Maza Miquel ; edición al cuidado: Carmen Quintero Iglesias.
246 1# - FORMA VARIANTE DE TÍTULO
Título propio/Titulo breve XV siglos de cristianismo desde Jesús de Nazaret a la caída de Constantinopla (1453)
260 ## - PUBLICACIÓN, DISTRIBUCIÓN, ETC.
Lugar de publicación, distribución, etc. Santiago de los Caballeros
Nombre del editor, distribuidor, etc. PUCMM,
-- Amigo del Hogar,
Fecha de publicación, distribución, etc. 2020.
300 ## - DESCRIPCIÓN FÍSICA
Extensión 402 p. :
Otras características físicas il., retrs.
Dimensiones 23 cm.
490 ## - MENCIÓN DE SERIE
Mención de serie Ensayo
500 ## - NOTA GENERAL
Nota general Incluye datos biográficos del autor en las solapas
500 ## - NOTA GENERAL
Nota general Incluye referencias bibliográficas y notas al pie de las páginas.
504 ## - NOTA DE BIBLIOGRAFÍA, ETC.
Nota de bibliografía, etc. Bibliografía: p. 385-392
590 ## - NOTA LOCAL (RLIN)
Nota local Inventariado, 2021 /LP
600 00 - PUNTO DE ACCESO ADICIONAL DE MATERIA--NOMBRE DE PERSONA
Nombre de persona Jesucristo
9 (RLIN) 444
650 #0 - PUNTO DE ACCESO ADICIONAL DE MATERIA--TÉRMINO DE MATERIA
Término de materia o nombre geográfico como elemento de entrada Cristianismo
Subdivisión general Historia
9 (RLIN) 885
700 1# - PUNTO DE ACCESO ADICIONAL--NOMBRE DE PERSONA
Nombre de persona Quintero Iglesias, Carmen,
Término indicativo de función/relación edición
9 (RLIN) 78191
710 2# - PUNTO DE ACCESO ADICIONAL--NOMBRE DE ENTIDAD CORPORATIVA
Nombre de entidad corporativa o nombre de jurisdicción como elemento de entrada Pontificia Universidad Católica Madre y Maestra
9 (RLIN) 843
711 2# - PUNTO DE ACCESO ADICIONAL--NOMBRE DE REUNIÓN/CONGRESO
Nombre de congreso/reunión o jurisdicción como elemento de entrada Concilio de Nicea
Fecha del congreso/reunión (325 :
Sede del congreso/Lugar de la reunión Nicea, Turquia)
9 (RLIN) 81091
830 #0 - PUNTO DE ACCESO ADICIONAL DE SERIE-TÍTULO UNIFORME
Título uniforme Ensayo
9 (RLIN) 3177
910 ## - DATOS DE OPCIÓN DEL USUARIO (OCLC)
Datos de opción del usuario Lopérez. Validado, 2022/MFF
942 ## - ELEMENTOS DE PUNTO DE ACCESO ADICIONAL (KOHA)
Fuente del sistema de clasificación o colocación Dewey Decimal Classification
Tipo de ítem Koha Libro
Holdings
Estado de retiro Estado de pérdida Fuente del sistema de clasificación o colocación Restricciones de uso No para préstamo Código de colección Localización permanente Ubicación/localización actual Ubicación en estantería Fecha de adquisición Fuente de adquisición Total de préstamos Signatura topográfica completa Código de barras Fecha visto por última vez Precio válido a partir de Tipo de ítem Koha Número de copia
    Dewey Decimal Classification Excluido de préstamo   Patrimonio Dominicano Biblioteca Nacional Pedro Henríquez Ureña Biblioteca Nacional Pedro Henríquez Ureña Depósito 22.03.2021 Depósito Legal   BNPHU PD 230 M475c 2021-1044 22.03.2021 22.03.2021 Libro  
    Dewey Decimal Classification Excluido de préstamo   Patrimonio Dominicano Biblioteca Nacional Pedro Henríquez Ureña Biblioteca Nacional Pedro Henríquez Ureña Depósito 22.03.2021 Depósito Legal   BNPHU PD 230 M475c 2021-1045 22.03.2021 22.03.2021 Libro e. 2
    Dewey Decimal Classification Préstamo en sala   Dominicana de Servicio Biblioteca Nacional Pedro Henríquez Ureña Biblioteca Nacional Pedro Henríquez Ureña Depósito 22.03.2021 Depósito Legal   BNPHU PD 230 M475c 2021-1046 22.03.2021 22.03.2021 Libro e. 3
    Dewey Decimal Classification Préstamo en sala   Dominicana de Servicio Biblioteca Nacional Pedro Henríquez Ureña Biblioteca Nacional Pedro Henríquez Ureña En catalogación 20.01.2023     BNPHU DS 230 M475c 2023-0309 20.01.2023 20.01.2023 Libro e.4
    Dewey Decimal Classification Préstamo en sala   Dominicana de Servicio Biblioteca Nacional Pedro Henríquez Ureña Biblioteca Nacional Pedro Henríquez Ureña En catalogación 20.01.2023     BNPHU DS 230 M475c 2023-0310 20.01.2023 20.01.2023 Libro e.5

Powered by Koha